Statistics for 16,000-Foot Peaks of North America on a Map

Click here to take the quiz!

General Stats

  • This quiz has been taken 9 times
  • The average score is 5 of 13

Answers on the Map

Answers color-coded by a green-red scale on the quiz's map according to % correct below.
 

Answer Stats

ElevationMountain RangePeak% Correct
20,310 ft
6,190 m
Alaska RangeDenali
100%
19,551 ft
5,959 m
Saint Elias MountainsMount Logan
88%
17,749 ft
5,410 m
Eje NeovolcánicoPopocatépetl
50%
17,400 ft
5,304 m
Alaska RangeMount Foraker
38%
18,009 ft
5,489 m
Saint Elias MountainsMount Saint Elias
38%
18,491 ft
5,636 m
Eje NeovolcánicoPico de Orizaba (Citlaltépetl)
38%
16,972 ft
5173 m
Saint Elias MountainsKing Peak
25%
16,550 ft
5,044 m
Saint Elias MountainsMount Bona
25%
17,159 ft
5,230 m
Eje NeovolcánicoIztaccíhuatl
13%
16,390 ft
4,996 m
Wrangell MountainsMount Blackburn
13%
17,257 ft
5,260 m
Saint Elias MountainsMount Lucania
13%
16,237 ft
4,949 m
Wrangell MountainsMount Sanford
13%
16,470 ft
5,020 m
Saint Elias MountainsMount Steele
13%

Score Distribution

Percentile by Number Answered

Percent of People with Each Score

Your Score History

You have not taken this quiz